| 000 | 00366cam a22001337a 4500 | ||
|---|---|---|---|
| 008 | 180718b1966 xxu||||| |||| 00| 0 eng d | ||
| 082 | _aK951943 L887 | ||
| 100 | _aLorenz, Konard | ||
| 245 |
_aEvolution and modififation of behavior _cby Konard Lorenz |
||
| 260 |
_aLondon _bMethuen _c1966 |
||
| 300 | _a121p. | ||
| 500 | _a25/- | ||
| 650 | _aBehaviourism (Psychology ) | ||
| 999 |
_c372497 _d372497 |
||